000 00421nam a2200145 a 4500
001 000029793
005 20200930055818.0
008 110426s199? dr ac 000 0 spa d
040 _aDO-SdBNP
_bspa
_cBNPHU
082 _axxxx
_bB584
245 0 3 _aEl BID en la República Dominicana.
260 _aSanto Domingo :
_bBanco Interamericano de Desarrollo,
_c[199?].
300 _a22 p. :
_bil., retrs. ;
_c26 cm.
049 _aBNPD
999 _c29285
_d29285